000 00594nam a22001577a 4500
003 OSt
005 20160704150348.0
008 160704b xxu||||| |||| 00| 0 eng d
040 _cRUA
082 _aMNR DOR 2015 B499 Or.1
100 _98671
_aDORL PHEAKDEY, ឌល ភក្តី
245 _aMaize production and market in leuk daek districts kandal province, ផលិតកម្មនិង​ទីផ្សារពោតនៅស្រុកលើកដែកខេត្តកណ្ដាល
260 _aPhnom Penh
_bRUA
_c2015
300 _axi; 56p.
_bill.
_c29cm.
942 _2ddc
_cMNR
999 _c8316
_d8316